Beyond bricks and mortar : bringing regeneration into stock transfer (Record no. 102451)

MARC details
000 -LEADER
fixed length control field 01220cam a2200301 4500
008 - FIXED-LENGTH DATA ELEMENTS--GENERAL INFORMATION
fixed length control field 020930n2002 000 0 eng u
020 ## - INTERNATIONAL STANDARD BOOK NUMBER
International Standard Book Number 1903208475
035 ## - SYSTEM CONTROL NUMBER
System control number (Sirsi) u119924
041 ## - LANGUAGE CODE
Language code of text/sound track or separate title eng.
050 ## - LIBRARY OF CONGRESS CALL NUMBER
Classification number 711.52
100 ## - MAIN ENTRY--PERSONAL NAME
Personal name Rowe, S.
110 ## - MAIN ENTRY--CORPORATE NAME
Corporate name or jurisdiction name as entry element HACAS Chapman Hendy
9 (RLIN) 4363
245 ## - TITLE STATEMENT
Title Beyond bricks and mortar : bringing regeneration into stock transfer
260 ## - PUBLICATION, DISTRIBUTION, ETC.
Place of publication, distribution, etc. Coventry
Name of publisher, distributor, etc. Chartered Institute of Housing
Date of publication, distribution, etc. 2002
300 ## - PHYSICAL DESCRIPTION
Extent 64p.
Dimensions 31cm.
350 ## - PRICE (NR) (BK AM CF MU VM SE) [OBSOLETE]
Price 15
520 ## - SUMMARY, ETC.
Summary, etc. Housing stock transfer is seen by government as having a key role to play in achieving the regeneration of deprived neighbourhoods. This study examines the experience of three Registered Social Landlords (RSLs) that are playing a central role in the regeneration of neighbourhoods: Partington Housing Association (part of the Harvest Group) in Trafford, Poplar HARCA in Tower Hamlets and Optima Community Association in Birmingham.
650 ## - SUBJECT ADDED ENTRY--TOPICAL TERM
Topical term or geographic name entry element STOCK TRANSFER
650 ## - SUBJECT ADDED ENTRY--TOPICAL TERM
Topical term or geographic name entry element HOUSING
650 ## - SUBJECT ADDED ENTRY--TOPICAL TERM
Topical term or geographic name entry element REGISTERED SOCIAL LANDLORDS
650 ## - SUBJECT ADDED ENTRY--TOPICAL TERM
Topical term or geographic name entry element DEPRIVED AREAS
650 ## - SUBJECT ADDED ENTRY--TOPICAL TERM
Topical term or geographic name entry element URBAN AREAS
650 ## - SUBJECT ADDED ENTRY--TOPICAL TERM
Topical term or geographic name entry element SOCIAL HOUSING
690 ## - LOCAL SUBJECT ADDED ENTRY--TOPICAL TERM (OCLC, RLIN)
Topical term or geographic name as entry element REGENERATION
700 ## - ADDED ENTRY--PERSONAL NAME
Personal name Zitron, J.
700 ## - ADDED ENTRY--PERSONAL NAME
Personal name Perry, J.
International Standard Serial Number Editor
942 ## - ADDED ENTRY ELEMENTS (KOHA)
Suppress in OPAC 0
Holdings
Withdrawn status Lost status Source of classification or shelving scheme Damaged status Not for loan Home library Current library Shelving location Date acquired Cost, normal purchase price Total Checkouts Full call number Barcode Date last seen Date last checked out Copy number Cost, replacement price Price effective from Koha item type
    Dewey Decimal Classification     London London Folio 17/10/2002 15.00 1 F711.52 ROW 30066607 06/08/2019 24/10/2002 1 15.00 06/08/2019 Book